[Event "33rd Cannes Open 2019"]
[Site "Cannes"]
[Date "2019.02.24"]
[Round "9.8"]
[White "Samant Aditya S"]
[Black "Barseghyan, Harutyun"]
[Result "1/2-1/2"]
[WhiteElo "2275"]
[BlackElo "2457"]
[Annotator "TA"]
[PlyCount "61"]
[EventDate "2019.02.18"]
[EventType "swiss"]
[EventCountry "FRA"]
[SourceTitle "playchess.com"]
[Source "ChessBase"]
[SourceQuality "1"]

{[%evp 20,61,65,59,67,58,58,58,60,56,64,43,68,27,39,18,25,25,39,38,109,106,95,14,35,38,25,39,25,39,39,34,50,53,100,93,110,51,135,135,140,131,134,20]} 1. e4 c5 2. Nf3 e6 3. d4 cxd4 4. Nxd4 a6 5. c4 Nf6 6. Nc3 Qc7 7. a3 d6 8. Be2 b6 9. Be3 Bb7 10. f3 Be7 11. O-O O-O {B41: Sicilian: Kan Variation: 5 c4} 12. Rc1 Nbd7 13. Qd2 Rfc8 {White is slightly better.} 14. b4 Rab8 15. Na4 Qd8 16. Nb3 $146 ({Predecessor:} 16. Rc2 Ba8 17. Rfc1 Qe8 18. Nb3 h6 19. Bf1 {½-½ (63) Nigmatov,O (2461)-Pantsulaia,L (2575) Poti 2018}) 16... Bc6 17. Nc3 Ne5 18. Rfd1 Ba8 19. Na4 Nxc4 ({Black should play} 19... Bc6 $14 20. Nb2 h6) 20. Bxc4 $16 b5 21. Na5 ({Better is} 21. Bf1 $16 {Black must now prevent Rxc8.} bxa4 22. Rxc8 Qxc8 23. Na5) 21... bxc4 $11 22. Nxc4 d5 23. Ncb6 Rxc1 24. Qxc1 Bd6 25. Nxa8 Rxa8 26. Qc6 $36 {[%mdl 2048] White has the initiative.} Qe8 27. Qxe8+ ({Reject} 27. exd5 $6 Nxd5 28. Qxe8+ Rxe8 $11) 27... Rxe8 {[#]} 28. Bg5 (28. Bd4 $1 $16) 28... Be5 {[#]} (28... a5 $14) 29. Bxf6 $1 $16 {White is clearly better.} Bxf6 30. exd5 exd5 31. Rxd5 {Accuracy: White = 40%, Black = 52%.} (31. Nc5 $16) 1/2-1/2